Crístobal Colón, los Mendoza y el humanismo castellano / (Record no. 12458)

MARC details
000 -LEADER
campo de control de longitud fija 00834nam a2200241 i 4500
001 - NÚMERO DE CONTROL
campo de control 12458
003 - IDENTIFICADOR DE NÚMERO DE CONTROL
campo de control ES-MaACL
005 - FECHA Y HORA DE LA ÚLTIMA TRANSACCIÓN
campo de control 20250728143752.0
008 - DATOS DE LONGITUD FIJA--INFORMACIÓN GENERAL
campo de control de longitud fija 921222s1990 sp a |||| |dspa d
020 ## - NÚMERO INTERNACIONAL ESTÁNDAR DEL LIBRO
Número Internacional Estándar del Libro 84-85386-21-3
080 ## - NÚMERO DE LA CLASIFICACIÓN DECIMAL UNIVERSAL
Número de la Clasificación Decimal Universal 929 Colón, Cristóbal
100 1# - ENTRADA PRINCIPAL--NOMBRE DE PERSONA
Nombre de persona Cuenca, Emilio.
9 (RLIN) 41996
245 10 - MENCIÓN DEL TÍTULO
Título Crístobal Colón, los Mendoza y el humanismo castellano /
Mención de responsabilidad, etc. Emilio Cuenca y Margarita del Olmo ; presentación, Arturo Álvarez Álvarez.
260 ## - PUBLICACIÓN, DISTRIBUCIÓN, ETC.
Lugar de publicación, distribución, etc. [S.l. :
Nombre del editor, distribuidor, etc. s.n.,
Fecha de publicación, distribución, etc. 1990] (
Lugar de fabricación/manufactura Guadalajara :
Fabricante Gráf. Nueva Alcarria)
300 ## - DESCRIPCIÓN FÍSICA
Extensión 136 p :
Otras características físicas il ;
Dimensiones 24 cm.
500 ## - NOTA GENERAL
Nota general Índices.
504 ## - NOTA DE BIBLIOGRAFÍA, ETC.
Nota de bibliografía, etc. Bibliografía.
600 14 - PUNTO DE ACCESO ADICIONAL DE MATERIA--NOMBRE DE PERSONA
Nombre de persona Colón, Cristóbal-
Subdivisión general Biografías.
9 (RLIN) 39871
700 1# - ENTRADA AGREGADA--NOMBRE PERSONAL
Nombre de persona Olmo, Margarita del.
9 (RLIN) 86977
700 1# - ENTRADA AGREGADA--NOMBRE PERSONAL
Nombre de persona Álvarez, Arturo,
Fechas asociadas al nombre 1928-
9 (RLIN) 169371
852 ## - LOCALIZACIÓN
Ubicación ES-MaACL
Número de control de estantería L-19718
Holdings
Estatus retirado Estado de pérdida Estado de daño No para préstamo Biblioteca de origen Biblioteca actual Ubicación en estantería Fecha de adquisición Fuente de adquisición Total de préstamos Signatura topográfica completa Código de barras Visto por última vez Precio de reemplazo Tipo de ítem Koha
        Biblioteca del Ateneo de Madrid Biblioteca del Ateneo de Madrid Depósito 2 17/01/2008     L-19718 1012694 23/02/2023 23/02/2023 Libro impreso